| 000 | 005810000a22001930004500 | ||
|---|---|---|---|
| 003 | LK-CoMWRAF | ||
| 005 | 20240203145401.0 | ||
| 008 | 230817t1989 ||||| |||| 00| 0 eng d | ||
| 040 |
_aLK-CoMWRAF _dLK-CoMWRAF _eLK-CoMWRAF |
||
| 041 | _aeng | ||
| 082 |
_a361.7 _bINT |
||
| 110 | _aInternational Women's Tribune Centre | ||
| 245 | _aIdeas on proposal writing and financial/technical assistance | ||
| 260 |
_bNew York: _aInternational Women's Tribune Centre, _c1989 |
||
| 300 | _a78 p. | ||
| 650 | _aProposal writing in the social sciences | ||
| 650 | _aFund raising | ||
| 942 | _cBK | ||
| 999 |
_c303 _d303 |
||